| 000 | 022740000a22002650004500 | ||
|---|---|---|---|
| 001 | 113 | ||
| 003 | CO-MdFUSB | ||
| 005 | 20160531091640.0 | ||
| 008 | 160531b1971 sp g |||| 00| 0 spa d | ||
| 020 | _a84-7057-107-9 | ||
| 040 |
_aCO-MdFUSB _bEspañol _cCO-MdFUSB _dCO-MdFUSB |
||
| 041 | 0 | _aspa | |
| 082 | 0 | 4 | _aR 220.7 B87717c |
| 100 | 1 | _aBrown, Raymond E. | |
| 245 | 0 | 0 |
_aComentario Bíblico San Jerónimo _c / Raymond E. Brown, Joseph A. Fitzmyer, Roland E. Murphy |
| 264 |
_aMadrid, España _b: Cristiandad, _c1971 |
||
| 300 | _a886 Pag. | ||
| 336 |
_2rdacontent _a1 _ba1 |
||
| 337 |
_2rdamedia _a2 _b5 |
||
| 338 |
_2rdacarrier _a2 _b5 |
||
| 500 | _aTítulo original : The Jerome biblical commentary | ||
| 505 | 0 | 0 | _aVol. 1 : Introducción al pentateuco, Génesis, Éxodo, Levítico, Números, Deutoronomio, Josué, Jueces, 1 y 2 de Samuel, 1 y 2 de Reyes, Excursus : Israel y sus vecinos, Introducción a la literatura profética, Poesía hebrea, Amós, Oseas, Isaías 1-39, Miqueas, Sofonías, Nahúm, Habacuc, Jeremías. Vol. 2 : Período posexílico, Ezequiel, Déutero-Isaías, Ageo, Zacarías, Malaquías, El Cronista : 1 y2 de Crónicas, Esdrás y Nehemias, Joel, Abdías, Daniel, 1 y2 de Macabeos, Introducción a la literatura sapiencial, Proverbios, Cantar de los Cantares, Job, Ecliesiastés (Qohelet), Eclesiástico (Sirac), Sabiduría, Salmos, Rut, Lamentaciones, Baruc, Tobías, Judit, Ester, Jonás. Vol. 3 : Nuevo Testamento : El problema sinóptico, Crítica moderna del Nuevo Testamento, Marcos, Mateo, Lucas, Hechos de los apóstoles, Vida de San Pablo, Tesalonicenses, Gálatas, Filipenses, 1 y 2 Corintios, Romanos, Filemón, Colosenses, Efesios, Cartas pastorales, 1 y 2 de Pedro, Santiago, Judas, Hebreos, 1,2 y 3 de Juan, Evangelio de Juan, Apocalipsis. Vol. 5 : Estudios Sítemáticos : Inspiración e inerrancia, Canonicidad, Apócrifos, manuscritos del mar muerto, otros escritos judíos, textos y versiones, crítica moderna del Antiguo Testamento, Hermenéutica, Declaraciones de la Iglesia, Geografía bíblica, Arqueología bíblica, Historia de Israel, Instituciones religiosas de Israel, Aspectos del pensamiento veterotestamentario, Teología de San Pablo, Teología de San Juan. |
| 653 |
_aBIBLIA _a - COMENTARIOS |
||
| 942 | _cBK | ||
| 999 |
_c31662 _d31662 |
||